[Event "24.Schlosspark-Open"]
[Site "Wiesbaden-Biebrich"]
[Date "2012.08.24"]
[Round "2.27"]
[White "Meyer, Stefan"]
[Black "Schmitt, Carsten"]
[Result "0-1"]
[WhiteElo "2172"]
[BlackElo "1986"]
[PlyCount "90"]
[EventDate "2012.??.??"]
[WhiteTeam "SAbt TuS Dotzheim"]
[BlackTeam "SV Bergwinkel"]

1. g3 d5 2. Bg2 e6 3. Nf3 Nf6 4. O-O c5 5. d3 Bd6 6. Nbd2 O-O 7. e4 Nc6 8. Re1
Qc7 9. Qe2 Nd7 10. Nf1 d4 11. Nh4 Rb8 12. f4 b5 13. e5 Be7 14. Nf3 Nb6 15. h4
Rd8 16. Ng5 h6 17. Ne4 c4 18. Bd2 Nb4 19. Rec1 Bb7 20. a3 N4d5 21. b3 Rbc8 22.
Ba5 cxb3 23. cxb3 Qxc1 24. Rxc1 Rxc1 25. Qb2 Rdc8 26. Qxd4 Bxa3 27. Bd2 Rb1 28.
Kh2 Rc2 29. Nd6 Bxd6 30. exd6 Rxf1 31. Bxf1 Rxd2+ 32. Kg1 Rc2 33. Bh3 Rc6 34.
d7 Nxd7 35. Qxa7 Rc7 36. f5 exf5 37. Bxf5 g6 38. Be4 N7f6 39. Qd4 Rc1+ 40. Kf2
Rc2+ 41. Ke1 Nxe4 42. dxe4 Nc3 43. Qd8+ Kg7 44. Qd4+ Kh7 45. Qf6 Rc1+ 0-1

[Event "24.Schlosspark-Open"]
[Site "Wiesbaden-Biebrich"]
[Date "2012.08.24"]
[Round "2.28"]
[White "Machlin, Maxim"]
[Black "Nabavi, Parwis"]
[Result "1/2-1/2"]
[WhiteElo "1981"]
[BlackElo "2172"]
[PlyCount "57"]
[EventDate "2012.??.??"]
[WhiteTeam "Biebertaler SF"]
[BlackTeam "SGEM Dreisamtal"]

1. e4 e5 2. f4 exf4 3. Nf3 g5 4. h4 g4 5. Ne5 Nf6 6. Bc4 d5 7. exd5 Bd6 8. d4
Nh5 9. O-O Qxh4 10. Qe1 Qxe1 11. Rxe1 O-O 12. Nc3 Bf5 13. Ne4 Bxe4 14. Rxe4 f6
15. Nd3 Nd7 16. Bd2 Rfe8 17. Rae1 Rxe4 18. Rxe4 f5 19. Re1 Ndf6 20. Bb3 b5 21.
Nc5 Kf7 22. Na6 Kg6 23. a4 bxa4 24. Bxa4 f3 25. gxf3 Bg3 26. fxg4 fxg4 27. Re6
Nf4 28. Bxf4 Bxf4 29. c4 1/2-1/2

[Event "24.Schlosspark-Open"]
[Site "Wiesbaden-Biebrich"]
[Date "2012.08.24"]
[Round "2.29"]
[White "Sokratov, Stanislav"]
[Black "Schmidt, Volker"]
[Result "1-0"]
[WhiteElo "2165"]
[BlackElo "1982"]
[PlyCount "73"]
[EventDate "2012.??.??"]
[WhiteTeam "SG Stern Stuttgart"]
[BlackTeam "SAbt TuS Dotzheim"]

1. d4 Nf6 2. c4 g6 3. Nc3 d5 4. cxd5 Nxd5 5. e4 Nxc3 6. bxc3 Bg7 7. Nf3 c5 8.
Be3 Qa5 9. Qd2 Nc6 10. Rc1 O-O 11. d5 Rd8 12. Bd3 Bg4 13. c4 Qxd2+ 14. Nxd2 Ne5
15. Bb1 b5 16. cxb5 Bd7 17. Rxc5 a6 18. bxa6 Rxa6 19. O-O Ra4 20. h3 f5 21. f4
Nf7 22. e5 Be8 23. Rfc1 Ra3 24. Nc4 Ra6 25. Na5 Kf8 26. Bd3 Raa8 27. Bc4 Rdb8
28. Nc6 Rb7 29. Nd4 Nd8 30. Bb3 Rbb8 31. Nc6 Rb7 32. Nxd8 Rxd8 33. Rc7 Rb5 34.
Ra7 Rdb8 35. Rcc7 Rxb3 36. axb3 Rxb3 37. Rxe7 1-0

[Event "24.Schlosspark-Open"]
[Site "Wiesbaden-Biebrich"]
[Date "2012.08.24"]
[Round "2.30"]
[White "Weiler, Dieter"]
[Black "Frömbgen, Andreas"]
[Result "1/2-1/2"]
[WhiteElo "2155"]
[BlackElo "1973"]
[PlyCount "58"]
[EventDate "2012.??.??"]
[WhiteTeam "vereinslos"]
[BlackTeam "SK Gau-Algesheim"]

1. d4 Nf6 2. c4 g6 3. g3 Bg7 4. Bg2 O-O 5. Nc3 c6 6. e4 d6 7. Nf3 Nbd7 8. O-O
e5 9. h3 Rb8 10. Be3 a6 11. b4 Re8 12. dxe5 dxe5 13. Qc2 Qe7 14. Rab1 b5 15.
Nd2 Nh5 16. cxb5 axb5 17. Ne2 Qe6 18. Rfc1 Bb7 19. Nb3 Rbc8 20. Nc5 Nxc5 21.
Bxc5 Ra8 22. Nc3 Red8 23. Bf1 Nf6 24. Rd1 Bf8 25. Bxf8 Kxf8 26. Rd2 Rxd2 27.
Qxd2 Kg7 28. Rd1 Qe7 29. Qb2 Bc8 1/2-1/2

[Event "24.Schlosspark-Open"]
[Site "Wiesbaden-Biebrich"]
[Date "2012.08.24"]
[Round "2.31"]
[White "Belz, Frank-M"]
[Black "Kienitz, Andre"]
[Result "1/2-1/2"]
[WhiteElo "1969"]
[BlackElo "2153"]
[PlyCount "91"]
[EventDate "2012.??.??"]
[WhiteTeam "SK Freising"]
[BlackTeam "SF Erkelenz 1959 e.V."]

1. Nf3 Nf6 2. c4 b6 3. g3 Bb7 4. Bg2 e6 5. O-O Be7 6. b3 O-O 7. Bb2 c5 8. e3 d6
9. Nc3 Nbd7 10. d4 cxd4 11. exd4 a6 12. Re1 Qc7 13. Rc1 Rfe8 14. Ba3 b5 15. Nd2
Bxg2 16. Kxg2 b4 17. Bxb4 Qb7+ 18. d5 Qxb4 19. dxe6 fxe6 20. Rxe6 Bf8 21. Qe2
Ne5 22. Rxe8 Rxe8 23. Nde4 Qb7 24. f3 Nxe4 25. fxe4 Be7 26. Nd5 a5 27. Rf1 Rf8
28. Qe1 Bd8 29. Rf4 Ng6 30. Rxf8+ Kxf8 31. c5 dxc5 32. Qf2+ Kg8 33. Qxc5 Ne7
34. Qc4 Nxd5 35. exd5 Qf7 36. a3 Qc7 37. Qe4 Qe7 38. Qc4 Qc7 39. Qe4 Qe7 40.
Qc4 Qxa3 41. d6+ Kf8 42. Qf4+ Bf6 43. d7 Ke7 44. Qc7 Ke6 45. d8=Q Bxd8 46. Qxd8
1/2-1/2

[Event "24.Schlosspark-Open"]
[Site "Wiesbaden-Biebrich"]
[Date "2012.08.24"]
[Round "2.32"]
[White "Budzyn, Matthias"]
[Black "Hillgärtner, Walter"]
[Result "1-0"]
[WhiteElo "2138"]
[BlackElo "1962"]
[PlyCount "61"]
[EventDate "2012.??.??"]
[WhiteTeam "SG Turm Kiel von 1910"]
[BlackTeam "SC Bad Nauheim"]

1. e4 c5 2. c3 Qa5 3. Nf3 d6 4. Bc4 e6 5. O-O Nf6 6. Re1 Nc6 7. d4 Qc7 8. e5
dxe5 9. dxe5 Nd7 10. Bf4 Nb6 11. Bb3 Be7 12. Nbd2 Bd7 13. Qe2 Kf8 14. h4 h6 15.
h5 Be8 16. Bg3 Rd8 17. Rad1 Nd5 18. Ne4 Qa5 19. c4 Nc7 20. Nd6 Qa6 21. Qe3 Qb6
22. Nxe8 Nxe8 23. Rxd8 Qxd8 24. Rd1 Qb6 25. Qe4 Qb4 26. Rd7 Na5 27. Bh4 Bxh4
28. Qxh4 Nc6 29. Qf4 Ne7 30. Nh4 Qe1+ 31. Kh2 1-0

[Event "24.Schlosspark-Open"]
[Site "Wiesbaden-Biebrich"]
[Date "2012.08.24"]
[Round "2.33"]
[White "Nagel, Erwin"]
[Black "Regis, Georg"]
[Result "1-0"]
[WhiteElo "1957"]
[BlackElo "2137"]
[PlyCount "31"]
[EventDate "2012.??.??"]
[WhiteTeam "TSV Amorbach 1863 e.V."]
[BlackTeam "SAbt TuS Dotzheim"]

1. e4 Nf6 2. e5 Nd5 3. c4 Nb6 4. d4 d6 5. Nf3 Bg4 6. Bf4 dxe5 7. Bxe5 Nc6 8.
Be2 Nxe5 9. Nxe5 Bxe2 10. Qxe2 Qxd4 11. Nc3 e6 12. Rd1 Qc5 13. O-O Bd6 14. Nd5
Bxe5 15. Qxe5 O-O 16. Nf6+ 1-0

[Event "24.Schlosspark-Open"]
[Site "Wiesbaden-Biebrich"]
[Date "2012.08.24"]
[Round "2.34"]
[White "Von den Steinen, Benjamin"]
[Black "Wagner, Stefan"]
[Result "1-0"]
[WhiteElo "2137"]
[BlackElo "1955"]
[PlyCount "120"]
[EventDate "2012.??.??"]
[WhiteTeam "Sfr.Bitburg 1958"]
[BlackTeam "SC Landskrone"]

1. e4 e5 2. Nf3 Nc6 3. Bc4 Nf6 4. Ng5 d5 5. exd5 Na5 6. Bb5+ c6 7. dxc6 bxc6 8.
Bd3 Bd6 9. Nc3 Bg4 10. f3 Bh5 11. Nge4 Bc7 12. Qe2 O-O 13. Nxf6+ Qxf6 14. Ne4
Qh4+ 15. Qf2 Qe7 16. Ng3 e4 17. Nf5 Qd7 18. Bxe4 Rfe8 19. O-O Bb6 20. d4 Bg6
21. g4 Bxf5 22. Bxf5 Qxd4 23. Qxd4 Bxd4+ 24. Kh1 Nc4 25. c3 Ne3 26. Bxe3 Bxe3
27. Bd7 Red8 28. Bxc6 Rab8 29. Rad1 Rdc8 30. Rd3 Bf4 31. Rfd1 g6 32. Bd7 Rc7
33. b3 Kg7 34. c4 Rb6 35. Rd5 Ra6 36. a4 Rb6 37. Rb5 Rd6 38. Rxd6 Bxd6 39. Rd5
Bb4 40. Kg2 Rc5 41. Rxc5 Bxc5 42. f4 h6 43. Kf3 Kf6 44. Ke4 Ke7 45. Bc8 g5 46.
fxg5 hxg5 47. Kd5 Bg1 48. b4 Kd8 49. Bf5 Kc7 50. c5 Be3 51. a5 Bd2 52. Kc4 Be1
53. Be4 Bd2 54. Kb3 Be1 55. Ka4 Bf2 56. Kb5 Be1 57. a6 f6 58. Kc4 Bd2 59. b5
Be1 60. b6+ axb6 1-0

[Event "24.Schlosspark-Open"]
[Site "Wiesbaden-Biebrich"]
[Date "2012.08.24"]
[Round "2.35"]
[White "Gutacker, Stephan"]
[Black "Goloborodko, Dmitro"]
[Result "1/2-1/2"]
[WhiteElo "1951"]
[BlackElo "2124"]
[PlyCount "96"]
[EventDate "2012.??.??"]
[WhiteTeam "Sfr.1932 Kelkheim"]
[BlackTeam "SG Turm Idstein"]

1. e4 e6 2. d4 d5 3. Nd2 Nf6 4. e5 Nfd7 5. Bd3 c5 6. c3 Nc6 7. Ne2 cxd4 8. cxd4
f6 9. exf6 Nxf6 10. Nf3 Bd6 11. Bf4 O-O 12. O-O Bxf4 13. Nxf4 Qd6 14. Qc1 Ng4
15. g3 e5 16. dxe5 Ncxe5 17. Nxe5 Nxe5 18. Qd1 g5 19. Nxd5 Nf3+ 20. Kh1 Qh6 21.
h4 gxh4 22. Ne7+ Kh8 23. Qc1 Qg7 24. Qc3 Qxc3 25. bxc3 Nd2 26. Rfe1 Rxf2 27.
gxh4 Bg4 28. Kg1 Raf8 29. Be4 b6 30. Bd5 Bh3 31. Re3 Bf1 32. Rg3 R2f4 33. h5
Bc4 34. Bxc4 Nxc4 35. Rd1 Ne5 36. Rd5 Nf3+ 37. Kg2 Nh4+ 38. Kh3 Nf5 39. Nxf5
R4xf5 40. Rxf5 Rxf5 41. Kg4 Ra5 42. h6 Rxa2 43. Rd3 Rg2+ 44. Kf5 a5 45. c4 a4
46. Rd6 Rg6 47. Rd8+ Rg8 48. Rd6 Rg6 1/2-1/2

[Event "24.Schlosspark-Open"]
[Site "Wiesbaden-Biebrich"]
[Date "2012.08.24"]
[Round "2.36"]
[White "Ruppert, Wolfgang"]
[Black "Hohner, Karl-Heinz"]
[Result "1/2-1/2"]
[WhiteElo "2124"]
[BlackElo "1945"]
[PlyCount "76"]
[EventDate "2012.??.??"]
[WhiteTeam "SC Flörsheim 1921"]
[BlackTeam "vereinslos"]

1. e4 e5 2. Nf3 Nc6 3. Bb5 Nge7 4. O-O g6 5. c3 Bg7 6. d4 exd4 7. cxd4 O-O 8.
h3 a6 9. Ba4 b5 10. Bb3 d5 11. exd5 Nxd5 12. Nc3 Nxc3 13. bxc3 Na5 14. Re1 Nxb3
15. axb3 c5 16. Ba3 b4 17. cxb4 cxd4 18. b5 Re8 19. Bb2 Rxe1+ 20. Qxe1 Bb7 21.
bxa6 Rxa6 22. Rxa6 Bxa6 23. Qa1 Bb7 24. Bxd4 Bxf3 25. Bxg7 Qd1+ 26. Kh2 Qxa1
27. Bxa1 Bc6 28. g4 Kf8 29. Bf6 Ke8 30. Kg3 Kd7 31. Kf4 Ke6 32. Bc3 f6 33. Ke3
g5 34. f3 f5 35. f4 Bg2 36. fxg5 Bxh3 37. gxf5+ Kxf5 38. Kd4 Kxg5 1/2-1/2

[Event "24.Schlosspark-Open"]
[Site "Wiesbaden-Biebrich"]
[Date "2012.08.24"]
[Round "2.37"]
[White "Schwarz, Eduard"]
[Black "Kreiling, Carsten"]
[Result "1/2-1/2"]
[WhiteElo "1942"]
[BlackElo "2114"]
[PlyCount "159"]
[EventDate "2012.??.??"]
[WhiteTeam "SG Turm Idstein"]
[BlackTeam "SVG Eppstein 1932"]

1. d4 c5 2. d5 g6 3. c4 Bg7 4. Nf3 Nf6 5. Nc3 O-O 6. d6 exd6 7. Qxd6 b6 8. g3
Bb7 9. Bg2 Ne4 10. Nxe4 Bxe4 11. Bg5 Qc8 12. Qd2 Qa6 13. Bh6 Nc6 14. Bxg7 Kxg7
15. Qc3+ Kg8 16. O-O d5 17. Qf6 dxc4 18. Rfd1 Qb7 19. Nh4 Nd4 20. f3 Qc6 21.
Qxc6 Bxc6 22. e3 Nc2 23. Rac1 Nxe3 24. Rd6 Rac8 25. Kf2 Nxg2 26. Nxg2 Rfd8 27.
Rcd1 Rxd6 28. Rxd6 Kf8 29. Ne3 Ke7 30. Rd2 b5 31. Rc2 Bd7 32. a4 a6 33. Nd5+
Kd6 34. Rd2 Ke6 35. Nf4+ Ke7 36. Nd5+ Kd8 37. axb5 axb5 38. Nf6 Ke7 39. Nd5+
Kd8 40. Nf6 Rc7 41. Nxh7 Ke7 42. Ng5 Be6 43. h4 Bf5 44. g4 Bd3 45. Ke3 Ra7 46.
h5 gxh5 47. gxh5 Kf6 48. Ne4+ Bxe4 49. fxe4 Ra2 50. Rd5 Rxb2 51. Rxc5 Rb3+ 52.
Kf4 c3 53. Rc6+ Kg7 54. Kg5 Rb4 55. Rxc3 Rxe4 56. h6+ Kg8 57. Rc8+ Kh7 58. Rb8
Re6 59. Rxb5 Rg6+ 60. Kf4 Rxh6 61. Rg5 f6 62. Rg3 Rg6 63. Rxg6 Kxg6 64. Kg4 Kf7
65. Kf5 Ke7 66. Kf4 Ke6 67. Ke4 f5+ 68. Kf3 Ke5 69. Ke3 f4+ 70. Kf2 Kf5 71. Kf3
Kg5 72. Kf2 Kg4 73. Kg2 f3+ 74. Kf1 Kf4 75. Kf2 Ke4 76. Kf1 Ke3 77. Ke1 Kf4 78.
Kf2 Kg4 79. Kf1 Kg3 80. Kg1 1/2-1/2

[Event "24.Schlosspark-Open"]
[Site "Wiesbaden-Biebrich"]
[Date "2012.08.24"]
[Round "2.38"]
[White "Minz, Michail"]
[Black "Kannenberg, Carl-Fr"]
[Result "1/2-1/2"]
[WhiteElo "2096"]
[BlackElo "1939"]
[PlyCount "60"]
[EventDate "2012.??.??"]
[WhiteTeam "SK Gau-Algesheim"]
[BlackTeam "SAbt TuS Dotzheim"]

1. e4 e5 2. Nc3 d6 3. Bc4 Nf6 4. d3 Be7 5. Nge2 Nc6 6. a3 a6 7. O-O Be6 8. Ng3
Bxc4 9. dxc4 Nd4 10. Nce2 Nxe2+ 11. Qxe2 Qd7 12. Nf5 O-O 13. Bg5 Bd8 14. Rad1
Ne8 15. Bxd8 Rxd8 16. c5 Qe6 17. c4 g6 18. Ne3 Ng7 19. Nd5 c6 20. Ne3 dxc5 21.
b3 Qe7 22. f3 Rxd1 23. Rxd1 Rd8 24. g3 Ne6 25. Rxd8+ Qxd8 26. Nc2 f6 27. Kg2
Kf7 28. h4 h5 29. Kf2 Qd7 30. Kg2 Qd8 1/2-1/2

[Event "24.Schlosspark-Open"]
[Site "Wiesbaden-Biebrich"]
[Date "2012.08.24"]
[Round "2.39"]
[White "Karthaus, Carsten"]
[Black "Berberich, Christoph"]
[Result "1-0"]
[WhiteElo "1939"]
[BlackElo "2085"]
[PlyCount "99"]
[EventDate "2012.??.??"]
[WhiteTeam "SC Murrhardt 1948 e.V."]
[BlackTeam "SK Freiburg Zähringen 1887 e.V."]

1. e4 c5 2. Nf3 Nc6 3. d4 cxd4 4. Nxd4 Nf6 5. Nc3 e5 6. Nf5 d5 7. exd5 Bxf5 8.
dxc6 bxc6 9. Qf3 Qd7 10. Bg5 Be7 11. Rd1 Qe6 12. Bc4 Qxc4 13. Qxf5 O-O 14. Qd3
Qxd3 15. Rxd3 Rab8 16. b3 Rfd8 17. Ke2 Rxd3 18. cxd3 Nd5 19. Nxd5 Bxg5 20. Ne3
Bxe3 21. Kxe3 f6 22. Rc1 Rb6 23. d4 exd4+ 24. Kxd4 Kf7 25. Kc5 Ke7 26. Rd1 h5
27. Rd3 g5 28. a4 Ra6 29. g3 g4 30. f3 Ke6 31. fxg4 hxg4 32. Rd6+ Kf5 33. Rxc6
Ra5+ 34. Kd4 Kg6 35. Rc2 f5 36. Ra2 f4 37. gxf4 Kf5 38. b4 Ra6 39. b5 Rh6 40.
a5 Kxf4 41. Rf2+ Kg5 42. Kc5 Rh3 43. b6 axb6+ 44. axb6 Rf3 45. Rb2 Rf5+ 46. Kd6
Rf6+ 47. Ke7 Rh6 48. b7 Rh7+ 49. Ke6 Rh6+ 50. Ke5 1-0

[Event "24.Schlosspark-Open"]
[Site "Wiesbaden-Biebrich"]
[Date "2012.08.24"]
[Round "2.40"]
[White "Kalepky, Helmut"]
[Black "Jamali, Wahid"]
[Result "1/2-1/2"]
[WhiteElo "2084"]
[BlackElo "1936"]
[PlyCount "76"]
[EventDate "2012.??.??"]
[WhiteTeam "Sfr.Heidesheim"]
[BlackTeam "SC Flörsheim 1921"]

1. Nf3 d5 2. b3 Bf5 3. Bb2 e6 4. g3 Nf6 5. Bg2 Be7 6. d3 O-O 7. O-O h6 8. Nbd2
Nbd7 9. c4 c6 10. Qc2 Rc8 11. Rad1 Bh7 12. Qc1 Qa5 13. Qa1 Ba3 14. Bc3 Bb4 15.
Bxb4 Qxb4 16. Qb2 Rfd8 17. Rfe1 a5 18. a3 Qb6 19. b4 Ng4 20. Qd4 Qxd4 21. Nxd4
axb4 22. axb4 Ngf6 23. N4b3 b6 24. Ra1 Ra8 25. Nd4 Rxa1 26. Rxa1 Rc8 27. b5
cxb5 28. Nxb5 dxc4 29. Nxc4 Bg6 30. Ra8 Rxa8 31. Bxa8 Kf8 32. Bc6 Ke7 33. Nc7
Kd8 34. Na8 Nb8 35. Bb5 Nd5 36. Ncxb6 Nc3 37. Bc4 Nxe2+ 38. Kf1 Nd4 1/2-1/2

[Event "24.Schlosspark-Open"]
[Site "Wiesbaden-Biebrich"]
[Date "2012.08.24"]
[Round "2.41"]
[White "Larem, Peter"]
[Black "Pioch, Thomas"]
[Result "1/2-1/2"]
[WhiteElo "1935"]
[BlackElo "2183"]
[PlyCount "83"]
[EventDate "2012.??.??"]
[WhiteTeam "Schach-Spielgemeinschaft Röderma"]
[BlackTeam "Sfr.Mainz 1928"]

1. e4 e6 2. d4 d5 3. Nc3 Bb4 4. e5 Ne7 5. a3 Bxc3+ 6. bxc3 c5 7. Qg4 Nf5 8. Bd3
h5 9. Qg5 Qxg5 10. Bxg5 Ne7 11. Nf3 c4 12. Be2 Bd7 13. a4 b6 14. O-O Nbc6 15.
Nh4 Nf5 16. Nxf5 exf5 17. Bf3 Ne7 18. Bxe7 Kxe7 19. Bxd5 Rac8 20. f4 Rhd8 21.
Rfb1 g6 22. Rb4 Rc7 23. Bxc4 a5 24. Rxb6 Rxc4 25. Ra6 Bxa4 26. Rxa5 Bxc2 27.
Ra7+ Rd7 28. Rxd7+ Kxd7 29. Ra3 Be4 30. Kf2 Rc7 31. g3 Ke6 32. Ke3 Kd5 33. h3
Bg2 34. h4 Kc4 35. Kf2 Bd5 36. Ke3 Rc8 37. Ra5 Be6 38. Kd2 Bd5 39. Ra4+ Kb5 40.
Rb4+ Kc6 41. c4 Be4 42. Kc3 1/2-1/2

[Event "24.Schlosspark-Open"]
[Site "Wiesbaden-Biebrich"]
[Date "2012.08.24"]
[Round "2.43"]
[White "Anhalt, Albert"]
[Black "Seickel, Ralf"]
[Result "1/2-1/2"]
[WhiteElo "1807"]
[BlackElo "2150"]
[PlyCount "52"]
[EventDate "2012.??.??"]
[WhiteTeam "SG Turm Idstein"]
[BlackTeam "vereinslos"]

1. e4 c5 2. Nf3 d6 3. d4 cxd4 4. Nxd4 Nf6 5. Nc3 a6 6. Be2 e5 7. Nb3 Be7 8. O-O
O-O 9. a4 b6 10. Be3 Bb7 11. f3 Nbd7 12. Qe1 d5 13. exd5 Nxd5 14. Nxd5 Bxd5 15.
Nd2 Qc7 16. c3 Nc5 17. Qf2 Rfb8 18. b4 Nb3 19. Nxb3 Bxb3 20. Rfc1 Be6 21. a5 b5
22. f4 Rf8 23. Bf3 Rae8 24. Bb6 Qb8 25. Ba7 Qc7 26. Bb6 Qb8 1/2-1/2

[Event "24.Schlosspark-Open"]
[Site "Wiesbaden-Biebrich"]
[Date "2012.08.24"]
[Round "2.44"]
[White "Bangert, Udo"]
[Black "Brechlin, Olaf"]
[Result "0-1"]
[WhiteElo "1790"]
[BlackElo "2063"]
[PlyCount "66"]
[EventDate "2012.??.??"]
[WhiteTeam "SG Stern Stuttgart"]
[BlackTeam "FVS ASP Hoyerswerda"]

1. f4 b6 2. Nf3 Bb7 3. e3 Nf6 4. b3 e6 5. Bb2 c5 6. g3 Be7 7. Bg2 O-O 8. O-O d6
9. d3 Nd5 10. Qe1 Bf6 11. c3 Nd7 12. e4 Nc7 13. e5 dxe5 14. fxe5 Be7 15. Nbd2
Nd5 16. Rd1 Qc7 17. a3 b5 18. c4 bxc4 19. dxc4 N5b6 20. Ne4 Bxe4 21. Qxe4 Rad8
22. Ne1 Nb8 23. Nd3 Rd7 24. Qg4 Rfd8 25. Be4 Bf8 26. Rf6 Nc6 27. Rdf1 Nd4 28.
Bxd4 cxd4 29. Nf4 Qxe5 30. Nxe6 h5 31. Qg6 fxg6 32. Rxf8+ Rxf8 33. Rxf8+ Kh7
0-1

[Event "24.Schlosspark-Open"]
[Site "Wiesbaden-Biebrich"]
[Date "2012.08.24"]
[Round "2.45"]
[White "Wagner, Dirk"]
[Black "Rosmanitz, Anna"]
[Result "1-0"]
[WhiteElo "2042"]
[BlackElo "1415"]
[PlyCount "63"]
[EventDate "2012.??.??"]
[WhiteTeam "SC Matt im Park Ffm"]
[BlackTeam "SC 1979 Hattersheim"]

1. d4 d5 2. c4 e6 3. Nc3 Nf6 4. cxd5 Nxd5 5. e4 Nb6 6. Nf3 N8d7 7. Be2 Nf6 8.
O-O Bb4 9. e5 Nfd5 10. Ne4 h6 11. Bd3 Bd7 12. Ng3 g6 13. Qc2 Rg8 14. Bxh6 f5
15. exf6 Qxf6 16. Bg5 Qg7 17. Ne5 Ne7 18. Ne4 O-O-O 19. a3 Bd6 20. Nxd6+ Kb8
21. Ndf7 Rde8 22. Rac1 Nbd5 23. Nh6 Rh8 24. Nxd7+ Kc8 25. Ne5 Nf5 26. Nxf5 gxf5
27. f4 Ne3 28. Qe2 Nxf1 29. Qxf1 Qh7 30. h3 Rhg8 31. Qf3 Qg7 32. Ba6 1-0

[Event "24.Schlosspark-Open"]
[Site "Wiesbaden-Biebrich"]
[Date "2012.08.24"]
[Round "2.46"]
[White "Schöber, Sebastian"]
[Black "Winand, Edgar"]
[Result "1/2-1/2"]
[WhiteElo "1699"]
[BlackElo "1927"]
[PlyCount "55"]
[EventDate "2012.??.??"]
[WhiteTeam "SC Rochade 69 Diez e. V."]
[BlackTeam "SC Eschbach im Usinger Land"]

1. c4 d6 2. g3 g6 3. Bg2 Bg7 4. d4 Nf6 5. Nc3 O-O 6. e4 c5 7. dxc5 dxc5 8. Qxd8
Rxd8 9. Be3 Na6 10. Nge2 Nb4 11. O-O Nd3 12. h3 Rb8 13. b3 b6 14. Rad1 Bb7 15.
Rd2 Nb4 16. Rfd1 Rxd2 17. Rxd2 e5 18. Nd5 Nbxd5 19. cxd5 Ne8 20. f4 f6 21. fxe5
fxe5 22. Nc3 Nd6 23. Bf1 Bf6 24. Rf2 Be7 25. Bd3 Bc8 26. Kg2 Bd7 27. a4 Rc8 28.
Bc4 1/2-1/2

[Event "24.Schlosspark-Open"]
[Site "Wiesbaden-Biebrich"]
[Date "2012.08.24"]
[Round "2.47"]
[White "Fröhlich-Dill, Astrid"]
[Black "Brandt, Michael"]
[Result "0-1"]
[WhiteElo "1931"]
[BlackElo "1726"]
[PlyCount "110"]
[EventDate "2012.??.??"]
[WhiteTeam "SV 1920 Hofheim"]
[BlackTeam "Wiesbadener SV 1885"]

1. d4 f5 2. c4 Nf6 3. Nc3 d6 4. Nf3 c6 5. g3 Qc7 6. Bg2 e5 7. d5 Bd7 8. Bg5 Be7
9. Nh4 e4 10. e3 Na6 11. Bxf6 Bxf6 12. f4 O-O-O 13. Qd2 Nc5 14. O-O Rdf8 15.
Rfd1 g5 16. fxg5 Bxg5 17. b4 Nd3 18. Bf1 Bxh4 19. Bxd3 exd3 20. gxh4 Rhg8+ 21.
Kh1 Qd8 22. Rg1 Qxh4 23. Rxg8 Rxg8 24. Rg1 Rxg1+ 25. Kxg1 Qxc4 26. dxc6 Bxc6
27. h3 Be4 28. Nd1 Qc2 29. Qc3+ Qxc3 30. Nxc3 Kc7 31. Kf2 Kd7 32. Nb5 a6 33.
Nd4 b5 34. h4 Ke7 35. Ke1 Kf6 36. Kd2 Ke5 37. Nb3 f4 38. exf4+ Kxf4 39. Nd4 Kg4
40. Ne6 Kxh4 41. Nc7 Bb7 42. Kxd3 Kg3 43. Ne8 d5 44. Nd6 Bc6 45. Nf5+ Kg4 46.
Ne7 Bb7 47. Ng8 h5 48. Nf6+ Kg5 49. Nh7+ Kf5 50. Nf8 h4 51. Ke3 Kg4 52. Nd7 Kg3
53. Nc5 Bc8 54. Nd3 h3 55. Nf2 h2 0-1

[Event "24.Schlosspark-Open"]
[Site "Wiesbaden-Biebrich"]
[Date "2012.08.24"]
[Round "2.48"]
[White "Kellerwessel, Ralf"]
[Black "Kreyssig, Bruno"]
[Result "1-0"]
[WhiteElo "1916"]
[BlackElo "1717"]
[PlyCount "121"]
[EventDate "2012.??.??"]
[WhiteTeam "SC Bad Soden"]
[BlackTeam "SG Leipzig"]

1. Nf3 Nf6 2. c4 g6 3. Nc3 Bg7 4. e4 d6 5. d4 O-O 6. h3 e5 7. d5 a5 8. Be3 Na6
9. Bd3 Nd7 10. g4 Nac5 11. Bc2 b6 12. b3 Rb8 13. Qd2 Ba6 14. Bh6 b5 15. cxb5
Bxb5 16. Nxb5 Rxb5 17. Bxg7 Kxg7 18. Qe2 Rb4 19. a3 Rb7 20. Rb1 Qb8 21. Nd2 Nb6
22. Qe3 Qa7 23. O-O Rfb8 24. Kh2 Nbd7 25. Nc4 Nf6 26. f3 Rb5 27. f4 Nfd7 28.
fxe5 dxe5 29. g5 Qb7 30. Rf3 Rf8 31. Qc3 Na4 32. Qa1 Nac5 33. Nxe5 Nxe5 34.
Qxe5+ Kg8 35. Rc3 Qb6 36. Qd4 Rb8 37. b4 axb4 38. Rxb4 Rxb4 39. axb4 Na6 40.
Qxb6 Rxb6 41. Kg3 Rxb4 42. Bd3 Nb8 43. Kf4 Rb7 44. e5 Nd7 45. Be4 Ra7 46. Rc6
Nb8 47. Rc4 Nd7 48. Bf3 Kf8 49. d6 cxd6 50. exd6 Nb6 51. Rc6 Rb7 52. Rc1 Rd7
53. Rc6 Rb7 54. Ke4 Ke8 55. Bg4 Kf8 56. Ke5 Kg7 57. Rc7 Rb8 58. Kd4 h6 59.
gxh6+ Kxh6 60. Rxf7 Rd8 61. Kc5 1-0

[Event "24.Schlosspark-Open"]
[Site "Wiesbaden-Biebrich"]
[Date "2012.08.24"]
[Round "2.49"]
[White "Van Bömmel, Philipp"]
[Black "Geyler, Stefan"]
[Result "0-1"]
[WhiteElo "1728"]
[BlackElo "1915"]
[PlyCount "58"]
[EventDate "2012.??.??"]
[WhiteTeam "SC 1979 Hattersheim"]
[BlackTeam "Düsseldorfer SK 14/25 e."]

1. Nf3 Nf6 2. d4 g6 3. Nc3 d5 4. Bf4 Bg7 5. e3 O-O 6. Be2 c5 7. Ne5 Qb6 8. Rb1
Nc6 9. Nxc6 bxc6 10. Be5 cxd4 11. exd4 Ne8 12. Bxg7 Nxg7 13. Na4 Qc7 14. Nc5
Ne6 15. Nxe6 Bxe6 16. O-O c5 17. c3 Qb6 18. Re1 Bf5 19. Bd3 Bxd3 20. Qxd3 e6
21. dxc5 Qxc5 22. Rbd1 Rfc8 23. Re3 Rab8 24. Qd2 Rb7 25. g4 Qf8 26. Kg2 Qg7 27.
Rd3 Rcb8 28. b3 Rc8 29. Re1 Qf6 {ZÜ} 0-1

[Event "24.Schlosspark-Open"]
[Site "Wiesbaden-Biebrich"]
[Date "2012.08.24"]
[Round "2.50"]
[White "Ottway, Christopher"]
[Black "Strate, Wolfgang"]
[Result "1/2-1/2"]
[WhiteElo "1913"]
[BlackElo "1701"]
[PlyCount "127"]
[EventDate "2012.??.??"]
[WhiteTeam "Biebertaler SF"]
[BlackTeam "SC Eschbach im Usinger Land"]

1. e4 d5 2. exd5 Nf6 3. Nf3 Qxd5 4. d4 e6 5. Be2 Be7 6. c4 Qd8 7. Nc3 Nbd7 8.
h3 b6 9. O-O Bb7 10. Bf4 O-O 11. Nb5 c6 12. Nd6 Bxd6 13. Bxd6 Re8 14. Ne5 Nxe5
15. dxe5 Ne4 16. Bf3 Nxd6 17. exd6 Qd7 18. b4 c5 19. bxc5 Bxf3 20. Qxf3 bxc5
21. Rfd1 Rab8 22. Rab1 Rxb1 23. Rxb1 Qxd6 24. Rb7 Re7 25. Rxe7 Qxe7 26. Qa8+
Qf8 27. Qxa7 g6 28. Qb6 Qa8 29. Qb2 Qa4 30. Qb8+ Kg7 31. Qe5+ Kh6 32. Qxc5 Qxa2
33. Qd4 Qb1+ 34. Kh2 Qb8+ 35. g3 e5 36. Qd5 f5 37. c5 Qb2 38. Qf3 e4 39. Qf4+
Kg7 40. c6 Qc2 41. c7 Kf7 42. Kg1 Qd1+ 43. Kg2 Qc2 44. Qh4 e3 45. Qxh7+ Kf6 46.
Qh4+ Ke6 47. Qf4 exf2 48. Qe3+ Kd7 49. Qxf2 Qxc7 50. Qd2+ Ke6 51. Qe3+ Kf6 52.
Qd4+ Ke6 53. h4 Qc2+ 54. Qf2 Qe4+ 55. Kh2 Qg4 56. Kg2 Qe4+ 57. Qf3 Qc2+ 58. Kh3
Ke5 59. Qe3+ Qe4 60. Qc5+ Kf6 61. Qd6+ Kg7 62. Qd1 Kf6 63. Kh2 Ke5 64. Kh3
1/2-1/2

[Event "24.Schlosspark-Open"]
[Site "Wiesbaden-Biebrich"]
[Date "2012.08.24"]
[Round "2.51"]
[White "Spinnler, Wolfgang"]
[Black "Beck, Michael"]
[Result "1/2-1/2"]
[WhiteElo "1718"]
[BlackElo "1909"]
[PlyCount "51"]
[EventDate "2012.??.??"]
[WhiteTeam "SC Landskrone"]
[BlackTeam "SC Flörsheim 1921"]

1. d4 d5 2. c4 e6 3. cxd5 exd5 4. Nf3 Be7 5. Nc3 Nf6 6. Bf4 c6 7. e3 Bf5 8. Be2
Nbd7 9. O-O O-O 10. h3 h6 11. a3 a5 12. Rc1 Ne4 13. Nd2 Bd6 14. Bxd6 Nxd6 15.
Bf3 Nf6 16. Re1 Re8 17. Na4 Rc8 18. Qb3 b5 19. Nc5 a4 20. Qd1 Nd7 21. Bg4 Bxg4
22. Qxg4 Nxc5 23. Rxc5 f5 24. Qf3 Qd7 25. Rec1 Rc7 26. Rxc6 1/2-1/2